000 00544nam a22001577a 4500
005 20231102145158.0
008 231102b |||||||| |||| 00| 0 eng d
041 _aEnglish
082 _a346.6 HEA
100 _aHead, FD, Porter Fausset, F and Wilson HARJ
_lEnglish
245 _aA Manual of Secretarial Practice /
_cFD Head, F Porter Fausset and HARJ Wilson
260 _aLondon :
_bMacdonald and Evans Ltd,
_c1955
300 _bxxii, 867 pages ;
_c23 cm.
650 _aLegal practice
_bLaw
942 _cBK
_6ALISON_BN_VRIES
999 _c266
_d266